| 000 | nam a22 7a 4500 | ||
|---|---|---|---|
| 999 |
_c25566 _d25566 |
||
| 008 | 170131b xxu||||| |||| 00| 0 eng d | ||
| 020 | _a0618521038 | ||
| 050 | _aQA303 .B47 2004 | ||
| 100 | _aBerresford ,Geoffrey C. | ||
| 245 |
_aApplied calculus / _cGeoffrey C Berresford; Andrew Mansfield Rockett; John T Gresser; Konra Kriedburg; Jon Dunlap |
||
| 260 |
_aBoston : _bHoughton Mifflin Co., _c©2004. |
||
| 300 |
_axvii,580p. : _bill. ; _c24cm. |
||
| 500 | _aincludes index. | ||
| 650 | _a Calculus. | ||
| 700 | _aRockett,Andrew M. | ||
| 700 | _aGresser,John T. | ||
| 700 | _aKriedberg Konra | ||
| 700 | _aDunlap,Jon | ||
| 942 |
_2lcc _cBOOKS _hQA303 .B47 2004 |
||